| 000 | 00636nam a2200193Ia 4500 | ||
|---|---|---|---|
| 003 | OSt | ||
| 005 | 20240614153150.0 | ||
| 008 | 210210b1986 xxu||||| |||| 00| 0 eng d | ||
| 040 | _cAL | ||
| 041 | _aKannada | ||
| 082 | _aK894.4 KODB | ||
| 100 |
_aKODATTURU ANANTAPADMANABHA UDUPA. _dಕೊಡತ್ತೂರು ಅನಂತಪದ್ಮನಾಭ ಉಡುಪ _9170864 |
||
| 245 |
_aBageya singara baduku bangara. _bಬಾಗೆಯ ಸಿಂಗಾರ ಬದುಕು ಬಂಗಾರ. |
||
| 260 |
_aKinnigoli _bYugapurusha Prakatanalaya _c1986 |
||
| 300 | _a45 | ||
| 690 |
_aKannada Prose _9170865 |
||
| 906 | _a039113 | ||
| 942 |
_2ddc _cBK |
||
| 999 |
_c89204 _d89204 |
||